Sports Quiz

Random Sports or Year Quiz

Winter Olympic Years by Poster Quiz Stats

 Plays Quiz Updated Feb 16, 2018

Challenge
Share
Tweet
Score 0/23 Timer 06:00
1 Play Today
% Correct
2014
95.8%
2010
79.9%
2018
72.2%
2002
65.7%
1988
59.7%
2006
59%
1980
56.6%
1998
55.4%
1984
52.8%
1994
48.2%
1928
36.9%
1960
34.6%
% Correct
1932
34%
1992
33.6%
1936
33.5%
1972
32.2%
1968
32.1%
1948
31.4%
1976
30.7%
1924
30.6%
1956
29.2%
1964
26%
1952
25.3%

You're not logged in!

Compare scores with friends on all Sporcle quizzes.
OR
Log In

You Might Also Like...

Show Comments

Extras

Top Quizzes Today


Score Distribution

Your Account Isn't Verified!

In order to create a playlist on Sporcle, you need to verify the email address you used during registration. Go to your Sporcle Settings to finish the process.

Report this User

Report this user for behavior that violates our Community Guidelines.

Details: